Ozdorovlenije ekonomičeskoj struktury investicionnogo processa.
Direktívno-administratívne riadenie ako brzda rozvoja investičnej činnosti v ZSSR. Cesty vytvárania novej koncepcie riadenia investícií. Rozvoj integrácie činnosti všetkých účastníkov stavebného komplexu v podmienkach trhových vzťahov. Územný princíp formovania dodavateľských organizácií. Informačné...
Salvato in:
| Autore principale: | |
|---|---|
| Altri autori: | |
| Natura: | Capitolo di libro |
| Lingua: | russo |
| Soggetti: | |
| Tags: |
Nessun Tag, puoi essere il primo ad aggiungerne!!
|
MARC
| LEADER | 00000naa a2200000 4500 | ||
|---|---|---|---|
| 001 | r003104 | ||
| 005 | 20220819192412.3 | ||
| 041 | 0 | |a rus | |
| 044 | |a SU | ||
| 245 | 1 | 0 | |a Ozdorovlenije ekonomičeskoj struktury investicionnogo processa. |c V.G. Ivanov, D.N. Zvorykin |
| 520 | |a Direktívno-administratívne riadenie ako brzda rozvoja investičnej činnosti v ZSSR. Cesty vytvárania novej koncepcie riadenia investícií. Rozvoj integrácie činnosti všetkých účastníkov stavebného komplexu v podmienkach trhových vzťahov. Územný princíp formovania dodavateľských organizácií. Informačné zabezpečenie fungovania investičného procesu. | ||
| 610 | 2 | 0 | |a investície |
| 610 | 2 | 0 | |a stavebníctvo |
| 610 | 2 | 0 | |a vzťahy trhové |
| 610 | 2 | 0 | |a organizácie dodávateľské |
| 610 | 2 | 0 | |a štruktúra ekonomická |
| 610 | 2 | 0 | |a ZSSR |
| 610 | 2 | 0 | |a informácie hospodárske |
| 610 | 2 | 0 | |a koncepcie |
| 100 | 1 | |a Ivanov, V.G. | |
| 700 | 1 | |a Zvorykin, D.N. | |